Porque esta vez no se trata de cambiar un presidente: diálogo con Fernando Lugo /

Gardado en:
Detalles Bibliográficos
Autor Principal: Korol, Claudia
Formato: Texto
Etiquetas: Engadir etiqueta
Sen Etiquetas, Sexa o primeiro en etiquetar este rexistro!

MARC

LEADER 00000 a a2200000 04500
001 44056
003
040
100 |a Korol, Claudia  
245 |a Porque esta vez no se trata de cambiar un presidente: diálogo con Fernando Lugo /  |c Claudia Korol  
773 |g número48 ( , 2008), páginas 44-48  
999 |c 36575  |d 36575